Станции Казанского метрополитена - Statistics

General Stats
  • This quiz has been taken 152 times
  • The average score is 8 of 11
Answer Stats
Answer % Correct
Кремлевская
85%
Козья слобода
83%
Авиастроительная
74%
Яшьлек
70%
Аметьево
69%
Суконная слобода
67%
Проспект Победы
67%
Северный вокзал
66%
Горки
66%
Площадь Тукая
65%
Дубравная
63%
No matching quizzes found
Score Distribution
Percent of People with Each Score
Percentile by Number Answered
Your Score History
You have not taken this quiz